000 00503nam a2200193Ia 4500
003 OSt
005 20241107113413.0
008 210210b1981 xxu||||| |||| 00| 0 eng d
040 _cAL
041 _aKannada
082 _aK894.3 ICHD
100 _aICHANURU SHANTA.
_dಈಚನೂರು ಶಾಂತ
_9184436
245 _aDalagalu.
_bದಾಳಗಳು
260 _aTipaturu
_bIchanuru Sahodararu
_c1981
300 _a123
690 _aKannada Fiction
_9184437
906 _a035528
942 _2ddc
_cBK
999 _c85926
_d85926